Účtovné súvzťažnosti 2012
Gespeichert in:
| 1. Verfasser: | |
|---|---|
| Weitere Verfasser: | |
| Format: | Buch |
| Sprache: | Slowakisch |
| Veröffentlicht: |
Žilina
Poradca podnikateľa
2012
|
| Ausgabe: | 12. vyd. |
| Schlagworte: | |
| Tags: |
Keine Tags, Fügen Sie das erste Tag hinzu!
|
MARC
| LEADER | 00000nam a2200000 4500 | ||
|---|---|---|---|
| 001 | 0155190 | ||
| 005 | 20240318115401.2 | ||
| 020 | |a 978-80-89363-58-2 | ||
| 041 | 0 | |a slo | |
| 044 | |a SK | ||
| 245 | 1 | 0 | |a Účtovné súvzťažnosti 2012 |c Viera Kaletová, Jana Turóciová |
| 250 | |a 12. vyd. | ||
| 264 | 1 | |a Žilina |b Poradca podnikateľa |c 2012 | |
| 300 | |a 528 s. | ||
| 610 | 2 | 0 | |a účtovníctvo podvojné |
| 610 | 2 | 0 | |a operácie účtovné |
| 610 | 2 | 0 | |a triedy účtové |
| 610 | 2 | 0 | |a skupiny účtové |
| 610 | 2 | 0 | |a osnova účtová |
| 610 | 2 | 0 | |a zákony |
| 610 | 2 | 0 | |a vzťahy zúčtovacie |
| 610 | 2 | 0 | |a Slovensko |
| 100 | 1 | |a Kaletová, Viera | |
| 700 | 1 | |a Turóciová, Jana | |